00880cam a2200217 a 4500020003200000040001000032082002600042100002100068245009500089246001900184260003100203300003500234500002000269650001500289856005500304856006600359856006600425942000700491999001700498952014700515 a0471116874 (acidfree paper) cMiUcS00a910 WIL 1995 A100 Or.1 aDe Blij, Harm J.10aHarm de Blij's geography book :ba leading geographer's fresh look at our changing world /30aGeography book aNew York :bWiley,cc1995. a336 p. :bill., maps ;c25 cm. aIncludes index. 0aGeography.4 uhttp://www.loc.gov/catdir/toc/onix01/95175627.html42uhttp://www.loc.gov/catdir/enhancements/fy0706/95175627-b.html42uhttp://www.loc.gov/catdir/enhancements/fy0706/95175627-d.html cEK c12521d12521 0010406910_000000000000000_WIL_1995_A100_OR70962350aLBAbLBAcA100d2017-08-14o910 WIL 1995 A100 Or.pA18438r2017-08-14w2017-08-14yEK